A brief history of the late Ottoman empire /

Saved in:

Main Author: Hanioğlu, M. Şükrü (Author)

Format: Book

Language: English

Published: Princeton : Princeton University Press, c2008.

Subjects:

Tags: Add Tag

No Tags, Be the first to tag this record!

Call Number: DR557 .H36 2008

LEADER 00821cam a2200241 a 4500
003 OSt
005 20260125085400.0
008 071105s2008 njuab b 001 0 eng
020 |a 9780691134529 (alk. paper) 
020 |a 0691134529 (alk. paper) 
040 |c ARCE Library 
043 |a a-tu--- 
050 4 |a DR557 .H36 2008 
100 1 |a Hanioğlu, M. Şükrü,  |e author 
245 1 2 |a A brief history of the late Ottoman empire /  |c M. Şükrü Hanioğlu. 
264 1 |a Princeton :   |b Princeton University Press,   |c c2008. 
300 |a xii, 241 pages :  |b illustrations, maps ;  |c 25 cm 
504 |a Includes bibliographical references (pages [217]-230) and index. 
651 0 |a Turkey  |x History  |y 19th century. 
651 0 |a Turkey  |x History  |y Ottoman Empire, 1288-1918. 
901 |a reviewed 
942 |2 lcc  |c BK 
999 |c 55200  |d 55200